ბათუმის შოთა რუსთაველის სახელმწიფო უნივერსიტეტის ბიბლიოთეკა

Over the River (ბიბ.ჩანაწერი № 46587)

000 -LEADER
fixed length control field 00412nam a2200193Ia 4500
001 - CONTROL NUMBER
control field 13427
003 - CONTROL NUMBER IDENTIFIER
control field GE_BSU
008 - FIXED-LENGTH DATA ELEMENTS--GENERAL INFORMATION
fixed length control field 181216s||||||||xx |||||||||||||| ||und||
040 ## - CATALOGING SOURCE
Transcribing agency GE_BSU
080 ## - UNIVERSAL DECIMAL CLASSIFICATION NUMBER
Universal Decimal Classification number 821.111-3
100 ## - MAIN ENTRY--PERSONAL NAME
Personal name Galsworthy, John
245 ## - TITLE STATEMENT
Title Over the River
260 ## - PUBLICATION, DISTRIBUTION, ETC.
Place of publication, distribution, etc. London
260 ## - PUBLICATION, DISTRIBUTION, ETC.
Name of publisher, distributor, etc. william Heineman
260 ## - PUBLICATION, DISTRIBUTION, ETC.
Date of publication, distribution, etc. 1934
300 ## - PHYSICAL DESCRIPTION
Extent 353p.17cm.
653 ## - INDEX TERM--UNCONTROLLED
Uncontrolled term Over the River
942 ## - ADDED ENTRY ELEMENTS (KOHA)
Koha item type წიგნი
ეგზემპლარები
Withdrawn status Lost status Damaged status Not for loan Date acquired Barcode Date last seen Price effective from Koha item type
        2018-12-17 36741 2018-12-17 2018-12-17 წიგნი